Caperucita roja / (Registro nro. 14762)

Detalles MARC
000 -LIDER
fixed length control field 01400nam a2200313 a 4500
001 - NÚMERO DE CONTROL
Identificador de número de control
003 - IDENTIFICACDOR DE NÚMERO DE CONTROL
control field DO-SdBNP
005 - DATE AND TIME OF LATEST TRANSACTION
control field 20240806123047.0
008 - ELEMENTOS DE LONGITUD FIJA
fixed length control field 100824s2014 ch 000 0 spa d
020 ## - ISBN
International Standard Book Number 9789568209780
040 ## - FUENTE DE CATALOGACIÓN
Agencia que crea de manera original el registro DO-SdBNP
Idioma de catalogación spa
Agencia que realiza la transcripción BPMSU
082 #4 - NÚMERO DE CLASIFICACIÓN DECIMAL DE DEWEY
Classification number Ch863.4
Item number M678c 2014
Edition number 22
100 1# - ASIENTO PRINCIPAL -- NOMBRE PERSONAL
Nombre personal Mistral, Gabriela,
Fechas asociadas con el nombre 1889-1957
Mención de responsabilidad autora.
245 10 - MENCIÓN DE TITULO
Título Caperucita roja /
Mención de responsabilidad Charles Perrault ; adaptación Gabriela Mistral ; ilustraciones de Paloma Valdivia ; comentario crítico de Manuel Peña Muñoz.
Subtítulo
260 ## - PUBLICACIÓN, DISTRIBUCIÓN, ETC. (PIE DE IMPRENTA)
Lugar de publicación, distribución, etc Santiago, Chile :
Nombre del editor, distribuidor, etc. Editorial Amanuta,
Fecha de publicación, distribución, etc 2014
300 ## - DESCRIPCIÓN FÍSICA
Extensión 31 p. :
Otros detalles físicos ils. ;
Dimensiones 27 cm.
490 0# - MENCIÓN DE SERIES
Mención de serie Poesía ilustrada
500 ## - NOTA GENERAL
Nota general Incluye datos biográficos de la autora
520 ## - RESUMEN, ETC.
Nota de resumen, etc. Una divertida y oscura versión de la Caperucita de Charles Perrault, escrita en verso por Gabriela Mistral. Divertidas interacciones, narración y un final escabroso, tal como en la versión original de Perrault.
521 ## - TARGET AUDIENCE NOTE
Target audience note Recomendado para niños a partir de los 5 años de edad.
590 ## - NOTA LOCAL
Texto de la nota local Inventariado, 2024/VM
650 #4 - ENCABEZAMIENTO DE MATERIA--TEMÁTICO
Término temático o nombre geográfico como elemento de entrada Literatura infantil chilena
Subdivisión cronológica Siglo XX
Subdivisión temática general
650 #4 - ENCABEZAMIENTO DE MATERIA--TEMÁTICO
Término temático o nombre geográfico como elemento de entrada Cuentos infantiles populares
Subdivisión de forma Adaptaciones
650 #4 - ENCABEZAMIENTO DE MATERIA--TEMÁTICO
Término temático o nombre geográfico como elemento de entrada Lobos
Subdivisión de forma Cuentos infantiles.
Subdivisión cronológica Siglo XX
700 1# - ASIENTO SECUNDARIO -- NOMBRE PERSONAL
Nombre personal Valdivia, Paloma,
Fechas asociadas con el nombre 1978-
Mención de responsabilidad ilustradora.
700 1# - ASIENTO SECUNDARIO -- NOMBRE PERSONAL
Nombre personal Perrault, Charles
Fechas asociadas con el nombre 1628-1703
Título de una obra Caperucita roja
Mención de responsabilidad autor
910 ## - VALIDACIÓN
Validación VMateo V. Control de calidad. BPMSU
942 ## - ADDED ENTRY ELEMENTS (KOHA)
Source of classification or shelving scheme Dewey Decimal Classification
Koha item type Libros
Existencias
Withdrawn status Lost status Source of classification or shelving scheme Damaged status Not for loan Collection code Home library Current library Date acquired Total Checkouts Full call number Barcode Date last seen Price effective from Koha item type
    Dewey Decimal Classification     Colección Infantil General Biblioteca Pública Metropolitana Salomé Ureña Biblioteca Pública Metropolitana Salomé Ureña 08/02/2024   BPMSU CGI Ch863.4 M678c 2014 BPMSU24080004 08/02/2024 08/02/2024 Libros